000
00299nam a2200145Ia 4500
100
_a
Pavlov/B & Terentyev
650
_a
Chemistry
942
_c
BK
654
_a
Organic
245
_a
Organic Chemistry
260
_b
Mir Publishers
_c
1969
082
_a
547
300
_a
617
546
_a
ENGLISH
999
_c
23672
_d
23672